| 000 | 00672nam a22002177a 4500 | ||
|---|---|---|---|
| 001 | 64811 | ||
| 003 | BD-RjUL | ||
| 005 | 20211209081343.0 | ||
| 008 | 170222s1984 ii a|||| b||| 00| 0 eng d | ||
| 035 | _a(BD-RjUL)64941 | ||
| 040 |
_aBD-RjUL _beng _cBD-RjUL _dBD-RjUL |
||
| 041 | _aeng | ||
| 082 |
_223 _a954.9205 _bGAS 1984 |
||
| 100 |
_aGarg, S K _9192154 |
||
| 245 |
_aSpotlight : _bfreedom fighters of Bangladesh / _cS K Garg |
||
| 260 |
_aNew Delhi : _bAllied Publishers Private Limited, _c1984. |
||
| 300 |
_axv, 200 p. : _bill. ; _c24 cm. |
||
| 504 | _aInclude Bibliography | ||
| 650 |
_aIndia and Neighbroing south asian countries _y1971- _9192155 |
||
| 942 |
_2ddc _cBK |
||
| 999 |
_c64811 _d64811 |
||